000 00951nas a2200313 4500
001 BR0801774
003 BR-BrBNA
005 20231205111756.0
007 ta
008 230509b bl.|||p| |||| 00| 00por d
040 _aBR-BrBNA
_bpor
_cBiblioteca Nacional de Agricultura
041 _a(Pt)
072 _aF04; F06
100 1 _aRezende, M.E. de
100 1 _aJasmim, J.M.
100 1 _aSousa, E.F. de
100 1 _aThiébaut, J.T.L.
100 1 _aCarvalho, A.J.C. de
100 1 _aPinheiro, M.M.
245 1 _aCrescimento, florescimento e teores foliares de NPK em alpínia: influência da adubação e irrigação
650 _aPLANTA ORNAMENTAL
650 _aPLANTA MEDICINAL
650 _aADUBAÇÃO
650 _aIRRIGAÇÃO
650 _aNUTRIENTE
773 0 _tRevista Ceres (Brazil)
_xISSN 0034-737X
_g(Nov-Dec 2006), v. 53(310) p. 635-644
_wBR0801774
909 _a202311
_bLúcia
_c55
_dLúcia Elande
942 _2AGRIS
_n0
_cANA
999 _c194425
_d194425